Matemáticas y literatura de 0 a 3: No es una caja (Record no. 176103)

MARC details
000 -CABECERA
campo de control de longitud fija 01351nab a2200301 a 4500
005 - FECHA Y HORA DE LA ÚLTIMA TRANSACCIÓN
campo de control 20210219162423.0
008 - ELEMENTOS DE LONGITUD FIJA--INFORMACIÓN GENERAL
campo de control de longitud fija 991125s1985 mx 000 0 spa u
035 ## - NÚMERO DE CONTROL DEL SISTEMA
Número de control de sistema UPN01000204002
049 ## - COLECCIÓN
Colección ART-E
100 1# - ASIENTO PRINCIPAL--NOMBRE PERSONAL
Nombre de persona Flecha López, Gonzalo
100 1# - ASIENTO PRINCIPAL--NOMBRE PERSONAL
Filiación gonflecha@gmail.com
222 #0 - TÍTULO CLAVE
Título clave EDMA 0-6 :
Información calificativa EDUCACION MATEMATICA EN LA INFANCIA
245 00 - MENCIÓN DE TÍTULO
Título Matemáticas y literatura de 0 a 3: No es una caja
260 ## - PUBLICACIÓN, DISTRIBUCIÓN, ETC.
Lugar de publicación, distribución, etc. España
300 ## - DESCRIPCIÓN FÍSICA
Extensión 74-80
362 0# - FECHAS DE PUBLICACIÓN Y/O DESIGNACIÓN SECUENCIAL
Fecha de publicación y/o designación secuencial 2014 Vol. 3, no. 1
336 ## - TIPO DE CONTENIDO
Término de tipo de contenido texto$2rdacontent
337 ## - TIPO DE MEDIO
Nombre/término del tipo de medio computadora$2rdamedia
338 ## - TIPO DE SOPORTE
Nombre/término del tipo de soporte recurso en linea$2rdacarrier
520 3# - NOTA DE RESUMEN, ETC.
Sumario, etc. Una caja es un objeto que motiva el juego de los niños, pero al mismo tiempo nos permite fomentar conocimiento matemático. A partir del cuento “No es una caja”, del juego con cajas de cartón y de las intervenciones del adulto, vamos a trabajar conceptos espaciales de uso habitual en la vida del niño y que, al mismo tiempo, son base para futuros aprendizajes. La noción de espacio, la posición de uno mismo y de los objetos en éste, guarda relación con la geometría.
653 0# - TERMINO DE INDIZACION - NO CONTROLADO
Término no controlado MATEMATICAS
653 0# - TERMINO DE INDIZACION - NO CONTROLADO
Término no controlado LITERATURA INFANTIL
653 0# - TERMINO DE INDIZACION - NO CONTROLADO
Término no controlado CONCEPTO DE ESPACIO
653 0# - TERMINO DE INDIZACION - NO CONTROLADO
Término no controlado GEOMETRIA
856 4# - LOCALIZACIÓN Y ACCESO ELECTRÓNICOS
Identificador Uniforme del Recurso <a href="http://www.edma0-6.es/index.php/edma0-6/article/view/43/54">http://www.edma0-6.es/index.php/edma0-6/article/view/43/54</a>
905 ## - TIPO DE MATERIAL
Tipo de material Articulo

No items available.